00500nam a22001217a 4500082000900000100003100009245014500040260004500185300002500230650003300255700003200288856005800320 a200  aMuhammad Saif Ullah Khalid aNumerical Simulations, Nonlinear Analysis and Control of Bio-inspired Flows: A Step towards Autonomous Vehicles/cMuhammad Saif Ullah Khalid aRawalpindi;bNUST College of EME;c2016. a177,p;bill;c30,cm. aPhD- Mechanical Engineering  aSupervisor Dr Imran Akhtar u http://10.250.8.41:8080/xmlui/handle/123456789/21819